000 01192nam a22003377a 4500
003 CHAP
005 20220329141313.0
008 971010s1979 r 00010 d
010 _a66116
011 _a67088
035 _a76326
040 _cCHAP
082 0 4 _a574.5
_bR32
100 0 0 _aRabinovich, Jorge E.
_993634
245 1 _aTópicos de ecología contemporánea
260 _aMéxico, D. F. :
_bFondo de Cultura Económica,
_c1979
300 _a190 p.
590 _aBATCH-UPD
_b10
_c20130110
_lUCH01
_h1804
590 _aBATCH-UPD
_b10
_c20130410
_lUCH01
_h1139
590 _aBATCH-UPD
_b10
_c20130914
_lUCH01
_h1228
590 _aCONVERSION
_b10
_c20130109
_lUCH01
_h1336
650 1 4 _aEcología.
_935134
700 0 _aHalffter, Gonzalo.
_952286
901 _aBK
942 _cLIBRO
949 _a574.5 R32
_bBC
_cLIBRO
_d33724000470324
_eLIBRO
_fc.2
_h63765
_i76326
_si
949 _a574.5 R32
_bBC
_cLIBRO
_d33724000470332
_eLIBRO
_fc.3
_h64377
_i76326
_si
949 _a574.5 R32
_bBC
_cLIBRO
_d33724000470340
_eLIBRO
_fc.4
_h64378
_i76326
_si
949 _a574.5 R32
_bBC
_cLIBRO
_d33724000470357
_eLIBRO
_fc.5
_h64379
_i76326
_si
949 _a574.5 R32
_bBC
_cLIBRO
_d33724000470373
_eLIBRO
_h60116
_i76326
_si
999 _c66116
_d66116